| 000 | 01241cam a2200241 4500 | ||
|---|---|---|---|
| 001 | ##WS135428 | ||
| 008 | 061026n 000 0 eng u | ||
| 035 | _a(Sirsi) u135428 | ||
| 041 | 0 | _aeng | |
| 110 | 1 |
_aUnited Kingdom _bLand Registry _94774 |
|
| 245 | 0 | 0 | _aEnd of transitional periods |
| 520 | _aTwo transitional provisions contained in the Land Registration Act 2002 end at midnight on 12 October 2006. The first affects easements and profits which came into being by way of prescription or implied grant or reservation since 13 October 2003. The second protects the rights of squatters who had acquired rights under the Limitation Act 1980 prior to 13 October 2003. | ||
| 590 | _aIKA311006 | ||
| 650 | 2 | 4 | _aLAND REGISTRATION ACT 2002 |
| 650 | 2 | 4 | _aLAND REGISTRATION ACT 2002 SCHED 3 PARA 3 |
| 650 | 2 | 4 | _aLAND REGISTRATION ACT 2002 SCHED 1 |
| 650 | 2 | 4 | _aLAND REGISTRATION ACT 2002 SCHED 3 |
| 650 | 2 | 4 | _aLIMITATION ACT 1980 |
| 651 | 4 |
_aEngland and Wales _y1543- |
|
| 690 | _aPROPERTY-PROPERTY ACQUISITION AND DISPOSAL-REGISTRATION OF TITLE TO PROPERTY-LAND REGISTRATION | ||
| 856 | 4 | 0 |
_uhttps://www.landreg.gov.uk/info/noticeboard/item/?article_id=12487 _zView the website free of charge at www.landreg.gov.uk... |
| 942 | _n0 | ||
| 999 |
_c120524 _d120524 |
||